Prečo sa vaša ulica volá Kalinovská

Bibliographic Details
Format: Article
Language:Slovak
PhysicalDescription:Fotogr.
ISSN:1335-4566
Subjects:
Online Access:www.korzar.sk

MARC

LEADER 00000nab a2200000 a 4500
001 vtls009002767
003 SK-MaSNL
005 20260305011853.0
008 070627c20070627xo drz 0 0slo
038 |a KEVKJB 
040 |a KEVKJB  |b slo  |c KEVKJB  |e AACR2 
041 0 |a slo 
044 |a xo  |c SK 
080 |a 711.73  |2 2001 
245 0 0 |a Prečo sa vaša ulica volá Kalinovská  |c [autor] (pod) 
300 |b Fotogr. 
650 0 7 |a názvy ulíc  |2 kevkjb  |9 23567 
650 0 7 |a oslobodzovacie boje  |2 kevkjb  |9 419013 
651 7 |a Košice (Slovensko)  |2 kevkjb  |9 18694 
651 7 |a Kalinov (Slovensko)  |2 kevkjb  |9 40748 
651 7 |a Medzilaborce (Slovensko : okres)  |2 kevkjb  |9 29394 
773 0 |t Košický denník Korzár  |g Roč. X, č. 147 (27.6.2007), s. 3  |x 1335-4566 
852 |a KEVKJB  |b KIS3GCP 
856 4 1 |u www.korzar.sk 
999 |c 3255073  |d 3257003